[Event "GER-chT Youth Countries 2018"]
[Site "Wurzburg"]
[Date "2018.10.04"]
[Round "3"]
[White "Browning, Alex"]
[Black "Polster, Christian"]
[Result "0-1"]
[WhiteElo "2150"]
[BlackElo "2294"]
[Annotator "TA"]
[PlyCount "104"]
[EventDate "2018.10.03"]
[EventType "team-tourn"]
[EventCountry "GER"]
[SourceTitle "playchess.com"]
[Source "ChessBase"]
[SourceQuality "1"]

{[%evp 19,104,32,26,0,18,0,15,10,36,22,14,12,15,-36,50,-5,7,-37,-41,-39,0,0,0,0,0,0,0,0,100,-14,31,37,33,52,116,126,144,179,493,480,893,889,830,836,784,806,5435,5435,5435,5435,5435,5261,4810,710,578,516,327,0,0,0,0,0,0,0,0,0,0,0,0,0,0,-328,-316,-534,-577,-495,-453,-754,-720,-29987,-29983,-29983,-29984,-29992,-29993,-29993,-29994]} 1. e4 c5 2. Nf3 d6 3. d4 cxd4 4. Nxd4 Nf6 5. Nc3 a6 6. h3 e6 7. g4 Nfd7 {B81: Sizilianisch (Keres-Angriff)} (7... h6 8. Bg2 g5 9. Be3 Nbd7 10. Qe2 Ne5 11. O-O-O Nfd7 12. h4 Rg8 13. hxg5 hxg5 14. Kb1 b5 15. f4 gxf4 16. Bxf4 Bb7 {½-½ (56) Karjakin,S (2773)-Mamedyarov,S (2801) Saint Louis 2018}) 8. g5 b5 9. a3 Bb7 10. Be3 Nb6 {LiveBook: 10 Partien} 11. Qd2 N8d7 {[%cal Bb8d7,Bd7e5,Be5c4][%mdl 32]} 12. O-O-O Ne5 $146 ({Vorgänger:} 12... Rc8 13. Kb1 Ne5 14. Qe1 Qc7 15. Bc1 Be7 16. h4 Nec4 17. Rh3 g6 18. b3 Ne5 {½-½ (18) Rangel,D (2133)-Von Buelow,G (2375) Rio de Janeiro 2013}) 13. f4 Nec4 14. Qf2 Rc8 15. f5 e5 $1 16. Nb3 (16. Nf3 $11) 16... Be7 (16... Nxe3 $15 17. Qxe3 h6) 17. f6 (17. Rg1 $14) 17... gxf6 $11 18. Na5 Nxe3 19. Qxe3 Ba8 20. gxf6 $1 Bxf6 21. Rg1 h6 22. Qf3 Bg5+ 23. Kb1 Nd7 (23... Na4 $11 {hält das Gleichgewicht.} 24. Nxa4 Qxa5) 24. Nb3 ({Günstiger ist} 24. Rxd6 $16 {Schwarz muss nun Df5 beachten.} Qxa5 25. Qf5) 24... Nf6 25. Bd3 $1 Rxc3 26. bxc3 Ke7 (26... Rf8 $14) 27. Rdf1 $36 {[%mdl 2048] Txg5! ist eine echte Drohung. Weiss bestimmt, wo es lang geht.} Bf4 28. Nd4 $1 {[%cal Rd4e2]} Qa5 $2 (28... d5 {ist zäher.}) 29. Ne2 $18 Qxa3 (29... Rf8 $142 30. Nxf4 exf4 31. Qxf4 Nd7) 30. Nxf4 exf4 31. Qxf4 Qxc3 {[#]} 32. e5 $1 {[%mdl 512]} Nd5 (32... Qxe5 33. Qh4) 33. Qxf7+ Kd8 34. Rg8+ Rxg8 35. Qxg8+ Kc7 36. exd6+ (36. Rf7+ $142 Kb6 37. Qd8+ (37. Qxa8 Qb4+ 38. Kc1 Qe1+ 39. Kb2 Qb4+ 40. Kc1 Qe1+ 41. Kb2 Qc3+ 42. Kb1 Qe1+ 43. Ka2 Qa5+ 44. Kb2 Qc3+ 45. Ka2 Qa5+ 46. Kb1 Nc3+ 47. Kc1 Qa1+ 48. Kd2 Qd1+ 49. Kxc3 Qe1+ 50. Kb3 Qb1+ 51. Kc3 Qe1+ 52. Kb3 Qb1+ 53. Kc3 Qe1+ $11) 37... Nc7 38. Qxd6+ Qc6 39. Rxc7 Qxd6 40. exd6) 36... Kxd6 37. Qd8+ Kc5 {beabsichtigt ...Db4+.} 38. Qxa8 $2 ({Besser ist} 38. Qf8+ $18 Kb6 39. Be4 (39. Qxa8 Qb4+ 40. Kc1 Qa3+ 41. Kd2 Qc3+ 42. Kd1 Qa1+ 43. Kd2 Qc3+ 44. Ke2 Qe5+ 45. Kf2 Qh2+ 46. Kf3 Qf4+ 47. Kg2 Ne3+ 48. Kg1 Qg3+ 49. Kh1 Qxh3+ 50. Kg1 Qg3+ 51. Kh1 Nxf1 $11) (39. Qxh6+ Bc6 $16)) 38... Qb4+ $11 39. Kc1 Qa3+ 40. Kd1 Qa1+ 41. Kd2 Qc3+ 42. Ke2 Qe5+ 43. Kf3 Qf4+ 44. Kg2 Ne3+ 45. Kh1 $2 {[%mdl 8192]} (45. Kg1 $11 {und Weiss ist OK.} Qg3+ 46. Kh1 Qxh3+ 47. Kg1 Qg3+ 48. Kh1 Qh3+ 49. Kg1 Qg3+ 50. Kh1 Qh4+ 51. Kg1 Qg3+) 45... Nxf1 $19 {[%csl Gf1][%cal Rf4h2]} 46. Kg1 $2 {[#]} (46. Qg2 {war einen Versuch wert.} Ng3+ 47. Kg1 Qd4+ 48. Kh2) 46... Ne3 $1 47. Kh1 Kb4 48. Qc6 (48. Qb7 $142 Nxc2 49. Qe7+ Kc3 50. Bxc2 Qc1+ 51. Kg2) 48... Qg3 49. Be4 Qxh3+ {Schwarz setzt Matt.} 50. Kg1 Qg3+ 51. Kh1 Ng4 {[%csl Gg4][%cal Rg3h2]} 52. c3+ Ka5 {Precision: Weiß = 35%, Schwarz = 43%.} 0-1

[Event "GER-chT Youth Countries 2018"]
[Site "Wurzburg"]
[Date "2018.10.04"]
[Round "3"]
[White "Knuedel, Torben"]
[Black "Garbuz, Vitaliy"]
[Result "1/2-1/2"]
[WhiteElo "2135"]
[BlackElo "2182"]
[Annotator "NA"]
[PlyCount "106"]
[EventDate "2018.10.03"]
[EventType "team-tourn"]
[EventCountry "GER"]
[SourceTitle "playchess.com"]
[Source "ChessBase"]
[SourceQuality "1"]
[TimeControl "40/5400+30:1800+30"]

1. e4 {[%emt 0:00:00]} c5 {[%emt 0:00:00]} 2. Nf3 {[%emt 0:00:00]} Nc6 {[%emt 0:00:00]} 3. d4 {[%emt 0:00:00]} cxd4 {[%emt 0:00:00]} 4. Nxd4 {[%emt 0:00:01]} g6 {[%emt 0:00:08]} 5. Nc3 {[%emt 0:00:13]} Bg7 {[%emt 0:00:10]} 6. Be3 {[%emt 0:00:05]} Nf6 {[%emt 0:00:11]} 7. Bc4 {[%emt 0:00:28]} Qa5 {[%emt 0:00:24]} 8. O-O {[%emt 0:02:45]} O-O {[%emt 0:00:14]} 9. Bb3 {[%emt 0:00:26]} d6 {[%emt 0:03:23]} 10. h3 {[%emt 0:00:13]} Bd7 {[%emt 0:04:15]} 11. Nf3 {[%emt 0:04:18] B35: Sicilian: Accelerated Dragon with 5 Nc3: main line} (11. Re1 Rac8 12. Qd2 Qa6 13. f4 Rfd8 14. Rad1 b5 15. Ndxb5 Nxe4 16. Qd5 Nf6 17. Qxf7+ Kh8 18. Qc4 Qb7 19. Qe2 Rf8 {½-½ (47) Sasikiran,K (2669)-Matlakov,M (2714) Khanty-Mansiysk 2017 CBM 179 [Sagar Shah]}) 11... b5 {[%emt 0:09:20]} 12. a3 {[%emt 0:00:32]} a6 $146 {[%emt 0:02:12]} ({Predecessor:} 12... Rfc8 13. Qe2 Rab8 14. Rfd1 Be8 15. Bd2 Qb6 16. Nd5 Nxd5 17. exd5 Ne5 18. Nxe5 Bxe5 {½-½ (66) Kollars,D (2500)-Sica,M (2178) Montevideo 2017}) 13. Qe2 {[%emt 0:04:20]} Rfc8 {[%emt 0:05:34]} 14. Rad1 {[%emt 0:02:56]} Qc7 {[%emt 0:04:07]} 15. Bg5 {[%emt 0:18:43]} Qa7 {[%emt 0:24:56]} 16. Rfe1 {[%emt 0:05:23]} h6 {[%emt 0:02:58]} 17. Bxf6 {[%emt 0:04:54]} Bxf6 {[%emt 0:00:36]} 18. e5 {[%emt 0:02:43]} Bxe5 {[%emt 0:08:42]} 19. Nxe5 {[%emt 0:02:11]} Nxe5 {[%emt 0:00:34]} 20. Qd2 {[%emt 0:00:14]} Kg7 {[%emt 0:15:43]} 21. Rxe5 {[%emt 0:00:48]} dxe5 {[%emt 0:00:02]} 22. Qxd7 {[%emt 0:00:10]} Qxd7 {[%emt 0:00:44]} 23. Rxd7 {[%emt 0:00:03]} Kf8 {[%emt 0:00:25]} 24. Rd5 {[%emt 0:12:28]} f6 {[%emt 0:00:47]} 25. Kf1 {[%emt 0:00:43]} Rd8 {[%emt 0:01:10]} 26. Ke2 {[%emt 0:00:28]} Rxd5 {[%emt 0:01:23]} 27. Nxd5 {[%emt 0:00:25]} Rc8 {[%emt 0:00:03]} 28. c3 {[%emt 0:01:13]} f5 {[%emt 0:00:43]} 29. f3 {[%emt 0:08:55]} a5 {[%emt 0:03:30]} 30. Bc2 {[%emt 0:03:12]} e6 {[%emt 0:01:01]} 31. Ne3 {[%emt 0:02:50]} Ke7 {[%emt 0:01:10]} 32. Bd3 {[%emt 0:01:51]} Rb8 $1 {[%emt 0:01:33]} 33. Kd2 {[%emt 0:09:29]} Kd6 {[%emt 0:02:16]} 34. b3 {[%emt 0:06:31]} Kc5 {[%emt 0:01:15]} 35. Nc2 {[%emt 0:01:28]} Rd8 {[%emt 0:00:32]} 36. Ke2 {[%emt 0:00:53]} Rd7 {[%emt 0:01:20]} 37. Ke3 {[%emt 0:01:26]} Rd8 {[%emt 0:00:56]} 38. Ke2 {[%emt 0:00:03]} (38. a4 $16) 38... Rd7 {[%emt 0:00:10]} 39. Ne3 {[%emt 0:02:29]} Rb7 {[%emt 0:02:50]} 40. Nd1 {[%emt 0:00:41]} Rb8 {[%emt 0:02:14]} 41. Nb2 {[%emt 0:31:56]} h5 {[%emt 0:32:23]} 42. b4+ {[%emt 0:00:00]} axb4 {[%emt 0:00:00]} 43. axb4+ {[%emt 0:00:00]} Kc6 {[%emt 0:00:00]} 44. Kd2 {[%emt 0:00:00]} h4 {[%emt 0:00:00]} 45. Bc2 {[%emt 0:00:00]} Ra8 {[%emt 0:00:00]} 46. Bb3 {[%emt 0:00:00]} Ra1 $1 {[%emt 0:00:00]} 47. Nd3 {[%emt 0:00:00]} ({Much worse is} 47. Bxe6 Rg1 $17) 47... Kd6 {[%emt 0:00:00]} 48. Nc1 {[%emt 0:00:00]} Ra3 $16 {[%emt 0:00:00]} (48... e4 $11) 49. Kc2 {[%emt 0:00:00]} g5 {[%emt 0:00:00]} 50. Nd3 {[%emt 0:00:00]} Ra1 {[%emt 0:00:00]} 51. Nc1 {[%emt 0:00:00]} Ra7 {[%emt 0:00:00]} 52. Nd3 {[%emt 0:00:00]} Ra1 {[%emt 0:00:00]} 53. Nc1 {[%emt 0:00:00]} Ra3 1/2-1/2

[Event "GER-chT Youth Countries 2018"]
[Site "Wurzburg"]
[Date "2018.10.04"]
[Round "3"]
[White "Doll, Alexander"]
[Black "Roseneck, Jonas"]
[Result "0-1"]
[WhiteElo "2122"]
[BlackElo "2262"]
[Annotator "TA"]
[PlyCount "80"]
[EventDate "2018.10.03"]
[EventType "team-tourn"]
[EventCountry "GER"]
[SourceTitle "playchess.com"]
[Source "ChessBase"]
[SourceQuality "1"]

{[%evp 21,80,30,48,-13,0,-20,0,-8,16,-30,-16,-77,-70,-67,0,-62,-57,-117,-93,-153,-159,-192,-177,-339,-233,-583,-574,-865,-547,-913,-657,-928,-746,-787,-553,-534,-508,-485,-362,-481,-448,-432,-361,-356,-361,-358,-364,-363,-353,-464,-474,-558,-537,-577,-591,-575,-566,-943,-529,-918,-897]} 1. e4 {RR} c5 2. c3 Nf6 3. e5 Nd5 4. Bc4 {[%cal Bf1c4,Bc4b3,Bb3c2][%mdl 32]} Nb6 5. Bb3 c4 6. Bc2 Nc6 7. Nf3 Qc7 {B22: Sicilian: 2 c3} (7... d6 8. exd6 Qxd6 9. O-O g6 10. b3 Bg7 11. Na3 cxb3 12. axb3 O-O 13. Nc4 Nxc4 14. bxc4 Be6 15. Qe2 Qc5 16. Ra4 Na5 17. d4 Qc7 18. Bd3 Rac8 19. Bf4 Qxf4 20. Rxa5 {½-½ (31) Piorun,K (2633)-Wojtaszek,R (2750) Warsaw 2018}) 8. O-O Nxe5 9. Nxe5 Qxe5 10. Re1 Qc7 11. a4 e6 {LiveBook: 10 Games} 12. Qg4 $146 (12. d3 $14) ({Predecessor:} 12. d3 cxd3 13. Qxd3 Be7 14. Na3 a6 15. a5 {½-½ (59) Gabrielian,A (2551)-Vovk,A (2642) Cappelle-la-Grande 2015 EXT 2016 [RR]}) 12... h5 13. Qf3 Be7 (13... Qc6 {with more complications.} 14. Qe2 d5 15. d4 cxd3 16. Bxd3 Qc7) 14. Na3 a6 15. d3 cxd3 16. Bf4 (16. Qxd3 $11 {keeps the balance.} d5 17. Qf3) 16... d6 $17 {[%cal Bd7d6,Bd6e5][%mdl 32]} 17. Qxd3 e5 (17... Bd7 $15) 18. Be3 (18. a5 $11 Nd7 19. Be3) 18... Be6 $15 19. f4 (19. Bxb6 $15 Qxb6 20. Nc4) 19... g6 20. fxe5 ({White should play} 20. Bf2) 20... dxe5 $17 21. Bf2 Nd7 22. Bg3 $2 {[#]} (22. Rad1) 22... Bc5+ 23. Kh1 $2 (23. Bf2) 23... h4 $19 {[%cal Bh5h4,Bh4h3][%mdl 32]} 24. Bf4 O-O-O 25. Be3 h3 {[#] Threatens to win with ...hxg2+.} 26. Qe2 Bd5 27. Bxc5 Bxg2+ 28. Kg1 {Strongly threatening Bf2.} Qxc5+ 29. Qe3 {and the idea Qxc5+ leaves White hopeful.} Rh5 30. Rad1 Rg5 31. Qxc5+ Bc6+ 32. Kf1 Nxc5 33. Rxd8+ Kxd8 34. Re3 Nxa4 ({Much less strong is} 34... Bxa4 35. Bxa4 Nxa4 36. b3 $19) 35. Nc4 Bb5 {Black is clearly winning.} 36. b3 Nb6 37. Rxh3 Nxc4 38. bxc4 Bxc4+ 39. Kf2 Ke7 40. Ke3 Rh5 {Precision: White = 16%, Black = 63%.} 0-1

[Event "GER-chT Youth Countries 2018"]
[Site "Wurzburg"]
[Date "2018.10.04"]
[Round "3"]
[White "Mantel, Ruben"]
[Black "Koelle, Tobias"]
[Result "1-0"]
[WhiteElo "2101"]
[BlackElo "2125"]
[Annotator "TA"]
[PlyCount "67"]
[EventDate "2018.10.03"]
[EventType "team-tourn"]
[EventCountry "GER"]
[SourceTitle "playchess.com"]
[Source "ChessBase"]
[SourceQuality "1"]

{[%evp 13,67,11,26,-62,-64,-68,42,15,25,-64,22,10,253,239,406,374,346,286,462,272,439,241,370,204,207,202,446,456,542,287,418,406,838,656,972,971,2310,1908,1904,1750,1923,704,708,551,551,579,570,562,706,680,1527,943,935,925,29987,29988]} 1. d4 d5 2. c4 c6 3. cxd5 cxd5 4. Nc3 Nf6 5. f3 (5. Bf4 Nc6 6. Nf3 a6 7. Rc1 Nh5 8. Bd2 Nf6 9. Bf4 Nh5 10. Bd2 Nf6 11. Bf4 {½-½ (11) So,W (2778)-Aronian,L (2764) Paris 2018}) 5... e6 6. e4 {D10: Damengambit (Slawische Verteidigung)} dxe4 7. fxe4 Bb4 {LiveBook: 5 Partien} 8. Nf3 $146 (8. Qd3 $11) ({Vorgänger:} 8. Bg5 h6 9. Bxf6 Qxf6 10. Nf3 O-O 11. Bc4 Nc6 12. O-O Rd8 {1-0 (39) Ivanisevic,I (2611)-Banusz,T (2608) Ruma 2017}) 8... Nxe4 $1 $15 9. Qc2 Qc7 ({Lieber} 9... Nf6 $15) 10. Qxe4 $14 {Und weiter mit Ld2 wäre nett.} Bxc3+ 11. Kf2 (11. bxc3 $11 Qxc3+ 12. Nd2 Qxa1 13. Qc2) 11... Ba5 (11... Bb4 $15) 12. Bf4 $11 Qc6 $2 {[#]} (12... Qe7 $11) 13. Qe5 $1 $18 {[%csl LRa5,LRg7][%cal Re5g7]} Qd5 $2 (13... Qb6 {kämpft weiter.}) 14. Qxg7 Rf8 15. Rc1 (15. Qxh7 Bb6 $18) 15... Nc6 $2 (15... Nd7 {war nötig.} 16. Bc4 (16. Qxh7 Nf6 $16) 16... Qf5) 16. Bc4 (16. Rc5 $142 Qd8 17. Bh6) 16... Qd8 $2 (16... Qd7 {ist eine bessere Verteidigung.} 17. Bh6 Qe7 18. Qxh7 (18. Qxf8+ Qxf8 19. Bxf8 Kxf8 $18) 18... Bd7 19. Bxf8 Qxf8) 17. a3 (17. Rhd1 $142) 17... Bc7 (17... Qe7 $142 18. Bh6 (18. Qxh7 Bb6 $18) 18... Bb6) 18. Bg5 (18. Bh6 $142 Qd6 19. Rhd1 (19. Qxf8+ Qxf8 20. Bxf8 Kxf8 $18)) 18... f6 19. Bh6 ({Und nicht} 19. Qxh7 fxg5 20. Qh5+ Kd7 $19) 19... Rf7 $2 (19... Qe7 20. Qxe7+ (20. Qxf8+ Qxf8 21. Bxf8 Kxf8 $18) 20... Kxe7 21. Bxf8+ Kxf8) 20. Qg4 Bb6 21. Rcd1 Ne7 {[#]} (21... Qe7 $142 22. Qg8+ Rf8 23. Bxf8 Qxf8 24. Qxh7 Bd7) 22. Rhe1 $1 {[%cal Re1e6]} ({Schwächer ist} 22. Bxe6 Bxe6 23. Qxe6 Qd5 $16) 22... f5 (22... Ng6 $142 23. Bxe6 Re7 24. Bxc8 Rxc8 25. Rxe7+ Nxe7) 23. Qg3 Rf6 24. Qg7 Rg6 25. Qf8+ Kd7 26. Bb5+ Nc6 27. Ne5+ (27. Bxc6+ $142 bxc6 28. Qf7+ Kd6 29. Bf4+ Kd5 30. b3 Rxg2+ 31. Kxg2 Qd6 32. Bxd6) 27... Kc7 28. Qxd8+ Kxd8 29. Nxg6 hxg6 30. Kf1 Nxd4 31. Bg7 e5 32. Bxe5 Bd7 33. Bxd7 Nc2 34. Ba4+ {Precision: Weiß = 43%, Schwarz = 10%.} 1-0

[Event "GER-chT Youth Countries 2018"]
[Site "Wurzburg"]
[Date "2018.10.04"]
[Round "3"]
[White "Pubantz, Jan"]
[Black "Arakelian, Aik"]
[Result "1-0"]
[WhiteElo "2084"]
[BlackElo "1879"]
[Annotator "NA RC"]
[PlyCount "37"]
[EventDate "2018.10.03"]
[EventType "team-tourn"]
[EventCountry "GER"]
[SourceTitle "playchess.com"]
[Source "ChessBase"]
[SourceQuality "1"]
[TimeControl "40/5400+30:1800+30"]

{[%evp 19,37,33,124,138,408,430,425,442,541,550,616,640,633,648,991,1039,1018,996,1500,1518]} 1. d4 {[%emt 0:00:00]} Nf6 {[%emt 0:00:00]} 2. c4 {[%emt 0:00:00]} c5 {[%emt 0:00:00]} 3. Nf3 {[%emt 0:00:00]} cxd4 {[%emt 0:00:00]} 4. Nxd4 {[%emt 0:00:00]} Nc6 {[%emt 0:00:00]} 5. Nc3 {[%emt 0:00:34]} e6 {[%emt 0:00:04]} 6. Ndb5 {[%emt 0:02:23]} d5 {[%emt 0:03:45]} 7. Bf4 {[%emt 0:01:00]} e5 {[%emt 0:00:25]} 8. cxd5 {[%emt 0:00:22]} exf4 {[%emt 0:01:03]} 9. dxc6 {[%emt 0:00:19]} Qb6 {[%emt 0:01:27] A33: Symmetrical English: 2 Nf3 Nf6 3 d4 cxd4 4 Nxd4 e6 5 Nc3 Nc6} (9... bxc6 10. Qxd8+ Kxd8 11. Nd4 Bb7 12. g3 c5 13. Nf3 Bd6 14. Nb5 Bxf3 15. exf3 Re8+ 16. Kd1 Be5 17. Kc2 Ke7 18. Bc4 a6 19. Nc3 {½-½ (31) Blomqvist,E (2502)-Vachier Lagrave,M (2793) Caleta 2018}) 10. Qd4 {[%emt 0:32:58]} ({But not} 10. c7 Bd7 $11) 10... Bc5 $146 {[%emt 0:18:05] [#]} ({Predecessor:} 10... Qxd4 $14 11. Nxd4 Bc5 (11... bxc6 12. Nxc6 Bb7 13. Na5 O-O-O 14. Nxb7 Kxb7 15. g3 fxg3 16. hxg3 Bb4 17. Bg2+ Kb6 18. Rh4 a5 19. a3 Bxc3+ 20. bxc3 Nd5 21. Rb1+ Ka6 22. Rc4 Rd6 23. Rd1 {1-0 (23) Dahmen,C (2069)-Klatt,J (2148) Werther 2013})) 11. Qe5+ $1 {[%emt 0:18:47]} ({Stronger than} 11. Qxf4 O-O $11) 11... Be6 $2 {[%emt 0:03:03] [#]} (11... Kf8 {might work better.}) 12. Nc7+ $1 {[%emt 0:03:01]} ({Stronger than} 12. O-O-O O-O $17) 12... Kf8 {[%emt 0:00:18]} 13. O-O-O {[%emt 0:09:33]} ({But not} 13. Nxa8 Bxf2+ 14. Kd1 Qxc6 $18) ({Weaker is} 13. Nxe6+ fxe6 14. e3 (14. Qxf4 $2 Qxb2 15. Qc1 Ba3 $19) 14... fxe3 $14) 13... Rc8 {[%emt 0:02:25]} 14. cxb7 {[%emt 0:01:57]} Rxc7 {[%emt 0:10:51]} 15. Rd8+ {[%emt 0:01:08]} Ke7 {[%emt 0:00:25]} 16. b8=Q $1 {[%emt 0:02:20]} ({Stronger than} 16. Rxh8 Rxb7 17. Na4 (17. b3 $2 Bd4 $19) 17... Bd4 $15) 16... Rb7 {[%emt 0:00:47]} 17. Qxb7+ {[%emt 0:02:01]} (17. Rxh8 Qxb2+ 18. Kd1 Rd7+ 19. Nd5+ Rxd5+ 20. Qxd5 Qa1+ 21. Kc2 Bxd5 $11) 17... Qxb7 {[%emt 0:00:07]} 18. Rxh8 {[%emt 0:00:10]} Bxf2 {[%emt 0:02:30]} 19. e4 $18 {[%emt 0:04:15]} 1-0

[Event "GER-chT Youth Countries 2018"]
[Site "Wurzburg"]
[Date "2018.10.04"]
[Round "3"]
[White "Engel, Robert"]
[Black "Burian, Simon"]
[Result "1/2-1/2"]
[WhiteElo "2059"]
[BlackElo "2091"]
[Annotator "NA RC"]
[PlyCount "52"]
[EventDate "2018.10.03"]
[EventType "team-tourn"]
[EventCountry "GER"]
[SourceTitle "playchess.com"]
[Source "ChessBase"]
[SourceQuality "1"]
[TimeControl "40/5400+30:1800+30"]

{[%evp 19,52,34,48,40,44,39,50,46,45,59,49,44,47,0,12,7,14,16,6,19,5,0,0,0,0,0,-2,-6,0,0,0,0,0,-4,0]} 1. e4 {[%emt 0:00:00]} c5 {[%emt 0:00:00]} 2. Nf3 {[%emt 0:00:00]} d6 {[%emt 0:00:00]} 3. d4 {[%emt 0:00:00]} cxd4 {[%emt 0:00:01]} 4. Nxd4 {[%emt 0:00:00]} Nf6 {[%emt 0:00:19]} 5. f3 {[%emt 0:00:00]} e5 {[%emt 0:01:04]} 6. Nb3 {[%emt 0:00:00]} d5 {[%emt 0:01:40]} 7. Bg5 {[%emt 0:00:04]} Be6 {[%emt 0:02:33]} 8. Bxf6 {[%emt 0:02:17]} gxf6 {[%emt 0:00:11]} 9. exd5 {[%emt 0:00:05]} Bxd5 {[%emt 0:02:07]} 10. Nc3 {[%emt 0:00:44]} Bb4 {[%emt 0:02:45] B55: Sicilian: 2...d6 3 d4 cxd4 4 Nxd4 Nf6 5 f3} 11. Qd2 {[%emt 0:04:31]} Bc6 {[%emt 0:02:53]} 12. Qxd8+ {[%emt 0:00:50]} Kxd8 {[%emt 0:00:07] LiveBook: 3 Games} 13. O-O-O+ {[%emt 0:00:05]} Nd7 {[%emt 0:02:54]} 14. Nd5 {[%emt 0:02:11]} Bxd5 $1 {[%emt 0:03:54]} 15. Rxd5 {[%emt 0:00:08]} Kc7 $1 {[%emt 0:03:01] [#]} 16. c4 $146 {[%emt 0:12:55]} ({Predecessor:} 16. Bd3 Rag8 17. g3 h5 18. Be4 {1-0 (51) Nisipeanu,L (2686)-Azmaiparashvili,Z (2679) Pune 2004}) 16... Nb6 {[%emt 0:07:53]} 17. Rd1 {[%emt 0:01:24]} Rad8 {[%emt 0:02:47]} 18. Bd3 {[%emt 0:06:58]} h5 {[%emt 0:06:10]} 19. a3 {[%emt 0:15:25]} Bf8 {[%emt 0:02:53]} 20. Be2 {[%emt 0:03:45]} Bh6+ {[%emt 0:02:00]} 21. Kc2 {[%emt 0:00:37]} Nc8 {[%emt 0:06:52]} 22. c5 {[%emt 0:04:31]} Ne7 {[%emt 0:02:42]} 23. Bc4 {[%emt 0:01:38]} Nf5 {[%emt 0:09:34]} 24. Rxd8 {[%emt 0:00:44]} Rxd8 {[%emt 0:00:29]} 25. Bxf7 {[%emt 0:00:42]} Ne3+ {[%emt 0:02:24]} 26. Kc3 {[%emt 0:00:56]} Nd1+ $11 {[%emt 0:00:47]} 1/2-1/2

[Event "GER-chT Youth Countries 2018"]
[Site "Wurzburg"]
[Date "2018.10.04"]
[Round "3"]
[White "Lutz, Ruben"]
[Black "Keyser, Robin"]
[Result "1-0"]
[WhiteElo "2043"]
[BlackElo "1999"]
[Annotator "NA RC"]
[PlyCount "65"]
[EventDate "2018.10.03"]
[EventType "team-tourn"]
[EventCountry "GER"]
[SourceTitle "playchess.com"]
[Source "ChessBase"]
[SourceQuality "1"]
[TimeControl "40/5400+30:1800+30"]

1. d4 {[%emt 0:00:00]} g6 {[%emt 0:00:00]} 2. Bf4 {[%emt 0:00:00]} Bg7 {[%emt 0:00:09]} 3. e3 {[%emt 0:00:04]} d6 {[%emt 0:00:57]} 4. Nf3 {[%emt 0:01:15]} Nd7 {[%emt 0:01:07]} 5. h3 {[%emt 0:04:21]} Ngf6 {[%emt 0:01:31]} 6. Be2 {[%emt 0:03:27]} O-O {[%emt 0:01:01]} 7. O-O {[%emt 0:00:29]} b6 {[%emt 0:02:30]} 8. a4 {[%emt 0:03:38] A48: 1 d4 Nf6 2 Nf3 g6: Torre, London and Colle Systems} (8. c4 Bb7 9. Nc3 a6 10. Bh2 Qe8 11. d5 e5 12. Nd2 Qe7 13. b4 Kh8 14. a4 a5 15. bxa5 Rxa5 16. Nb3 Raa8 17. a5 {1-0 (39) Karjakin,S (2783)-Nepomniachtchi,I (2751) chess.com INT 2017}) 8... a6 {[%emt 0:01:00]} 9. Nbd2 {[%emt 0:01:14]} Bb7 {[%emt 0:02:09]} 10. c3 {[%emt 0:01:18]} e6 {[%emt 0:03:08]} 11. Bh2 {[%emt 0:06:25]} Qe7 {[%emt 0:03:12]} 12. b4 {[%emt 0:05:13]} e5 {[%emt 0:05:57]} 13. Qb3 {[%emt 0:02:13]} e4 {[%emt 0:02:48]} 14. Ne1 {[%emt 0:00:11]} a5 $146 {[%emt 0:08:24]} ({Predecessor:} 14... h5 15. Rc1 Rab8 16. b5 a5 17. c4 {0-1 (58) De Francesco,K (2265)-Leko,P (2385) Munich 1992}) 15. Nc2 {[%emt 0:03:24]} axb4 {[%emt 0:02:01]} 16. cxb4 {[%emt 0:00:58]} c5 {[%emt 0:07:36]} 17. bxc5 {[%emt 0:11:28]} dxc5 {[%emt 0:00:17]} 18. a5 {[%emt 0:14:55]} Bd5 {[%emt 0:08:50]} 19. Bc4 {[%emt 0:00:26]} Qe6 {[%emt 0:00:49]} 20. axb6 {[%emt 0:08:04]} Rxa1 {[%emt 0:01:01]} 21. Rxa1 {[%emt 0:03:34]} Nxb6 {[%emt 0:01:10]} 22. Bxd5 {[%emt 0:00:15]} Nfxd5 {[%emt 0:00:19]} 23. Ra6 {[%emt 0:06:21]} cxd4 {[%emt 0:08:19]} 24. Nxd4 {[%emt 0:00:08]} Bxd4 {[%emt 0:00:11]} 25. exd4 {[%emt 0:00:03]} Rc8 {[%emt 0:00:31]} 26. Be5 {[%emt 0:02:34]} Rc6 {[%emt 0:06:20]} 27. Nxe4 {[%emt 0:03:54]} f6 {[%emt 0:01:02]} 28. Nc5 {[%emt 0:01:16]} Qe7 {[%emt 0:03:46] [#]} 29. Rxb6 $1 {[%emt 0:01:13]} Rxb6 {[%emt 0:00:03]} 30. Qxd5+ {[%emt 0:00:06]} Kg7 {[%emt 0:00:05]} 31. Bg3 {[%emt 0:04:16]} Qe1+ {[%emt 0:00:54]} 32. Kh2 {[%emt 0:00:04]} Rb1 {[%emt 0:00:47]} (32... Qe7 $18 33. Qc4 Rc6) 33. Ne6+ {[%emt 0:00:36]} 1-0

[Event "GER-chT Youth Countries 2018"]
[Site "Wurzburg"]
[Date "2018.10.04"]
[Round "3"]
[White "Richter, Nils"]
[Black "Astner, Sebastian"]
[Result "1-0"]
[WhiteElo "2035"]
[BlackElo "1849"]
[Annotator "NA RC"]
[PlyCount "69"]
[EventDate "2018.10.03"]
[EventType "team-tourn"]
[EventCountry "GER"]
[SourceTitle "playchess.com"]
[Source "ChessBase"]
[SourceQuality "1"]
[TimeControl "40/5400+30:1800+30"]

1. e4 c6 2. d4 d5 3. Nc3 dxe4 4. Nxe4 Qd5 5. Nc3 Qd6 6. Bc4 Nf6 7. Nge2 Bg4 8. f3 Bf5 9. Bf4 Qd8 10. a4 e6 11. O-O Bd6 12. Re1 O-O 13. Kh1 Qc7 14. Bxd6 Qxd6 15. Ng3 Bg6 16. Nge4 Nxe4 17. Nxe4 Qc7 18. Qe2 Nd7 19. Rad1 Nb6 20. Bb3 Rad8 {[%emt 0:40:16]} 21. c4 {[%emt 1:04:57]} Rfe8 {[%emt 0:00:30]} 22. Rd2 {[%emt 0:00:30]} Bxe4 {[%emt 0:00:30]} 23. fxe4 {[%emt 0:00:30]} c5 {[%emt 0:00:30]} 24. dxc5 {[%emt 0:00:30]} Qxc5 {[%emt 0:00:30]} 25. Red1 {[%emt 0:00:30]} Rxd2 {[%emt 0:00:30]} 26. Qxd2 {[%emt 0:00:30]} Kf8 {[%emt 0:00:30]} 27. a5 {[%emt 0:00:30]} Nc8 {[%emt 0:00:30]} 28. Ba4 {[%emt 0:00:30]} Qc7 {[%emt 0:00:30]} 29. Qb4+ {[%emt 0:00:30]} Qe7 {[%emt 0:00:30]} 30. Qxe7+ {[%emt 0:00:30]} Kxe7 {[%emt 0:00:30]} 31. Bxe8 {[%emt 0:00:30]} Kxe8 {[%emt 0:00:30]} 32. Kg1 {[%emt 0:00:30]} Ne7 {[%emt 0:00:30]} 33. a6 {[%emt 0:00:30]} bxa6 {[%emt 0:00:30]} 34. Rd6 {[%emt 0:00:30]} Ng6 {[%emt 0:00:30]} 35. Rb6 {[%emt 0:00:30]} 1-0